000 00714nam a2200229 a 4500
001 14976
003 CO-ViMGA
008 141112s2004 ck r 000 u spa d
020 _a9589339018
040 _aCO-ViMGA
_bspa
_cCO-ViMGA
082 0 4 _a330.986 I577
100 1 _aInstituto Maria Cano,
_921705
245 1 0 _aEconomía y seguridad social
260 _aBtá,
_cIsmac,
_c1993
300 _a47.p.
490 _aDocumentos Ismac, no. 3
505 _aEl sector externo y la industria Cusiana Agricultura Seguridad Social
590 _aForma de adquisición : dONACIÓN - - Precio :
_10.000
650 1 4 _aCOLOMBIA CONDICIONES ECONOMICAS
650 1 4 _aSEGURIDAD SOCIAL - COLOMBIA
_911127
942 _2ddc
_cBK
999 _c25414
_d25414